Potsdamer rechtswissenschaftliche Reihe: PRR
| Format: | Print Series/Journal |
|---|---|
| Language: | German |
| Published: |
Berlin
Frank & Timme
1996-
Frankfurt, M. [u.a.] Lang 2001-2005 Berlin [u.a.] Springer 1996-2001 |
| In: | Year: 1996 |
| Check availability: | HBZ Gateway |
| Subito Delivery Service: | Order now. |
| Volumes / Articles: | Show volumes/articles. |
| Keywords: |
MARC
| LEADER | 00000cas a2200000 c 4500 | ||
|---|---|---|---|
| 001 | 320632210 | ||
| 003 | DE-627 | ||
| 005 | 20260207121418.0 | ||
| 007 | tu | ||
| 008 | 001013c19969999gw z| m| 0 |0ger c | ||
| 015 | |a 07,A29,0646 |2 dnb | ||
| 016 | 7 | |a 020790708 |2 DE-101 | |
| 016 | 7 | |a 2024066-1 |2 DE-600 | |
| 022 | |a 1615-360X | ||
| 035 | |a (DE-627)320632210 | ||
| 035 | |a (DE-576)053894979 | ||
| 035 | |a (DE-599)ZDB2024066-1 | ||
| 035 | |a (OCoLC)612321180 | ||
| 040 | |a DE-627 |b ger |c DE-627 |e rakwb | ||
| 041 | |a ger | ||
| 044 | |c XA-DE | ||
| 082 | 0 | 4 | |a 340 |q DE-101 |
| 082 | 0 | 4 | |a 340 |q DE-600 |
| 084 | |a 2 |2 ssgn | ||
| 222 | 0 | |a Potsdamer rechtswissenschaftliche Reihe | |
| 245 | 0 | 0 | |a Potsdamer rechtswissenschaftliche Reihe |b PRR |
| 246 | 3 | 3 | |a PRR |
| 264 | 3 | 1 | |a Berlin |b Frank & Timme |c 1996- |
| 264 | 2 | 1 | |a Frankfurt, M. [u.a.] |b Lang |c 2001-2005 |
| 264 | 2 | 1 | |a Berlin [u.a.] |b Springer |c 1996-2001 |
| 336 | |a Text |b txt |2 rdacontent | ||
| 337 | |a ohne Hilfsmittel zu benutzen |b n |2 rdamedia | ||
| 338 | |a Band |b nc |2 rdacarrier | ||
| 362 | 0 | |a 1.1996 - | |
| 363 | 0 | 1 | |a 1 |i 1996 |
| 515 | |a Ersch. unregelmäßig | ||
| 591 | |a IIA!läuft weiter(17-05-04) | ||
| 655 | 7 | |a Monografische Reihe |0 (DE-588)4179998-7 |0 (DE-627)104628669 |0 (DE-576)209995106 |2 gnd-content | |
| 776 | 1 | |x 2940-9004 | |
| 889 | |w (DE-603)186273169 | ||
| 889 | |w (DE-576)479103429 | ||
| 935 | |i sdedup20221108 | ||
| 936 | s | n | |a p100 |2 mzub |
| 951 | |a ST | ||
| ELC | |b 1 | ||
| LOK | |0 000 xxxxxcx a22 zn 4500 | ||
| LOK | |0 001 2287748822 | ||
| LOK | |0 003 DE-627 | ||
| LOK | |0 004 320632210 | ||
| LOK | |0 005 20020413000000 | ||
| LOK | |0 008 000222||||||||||||||||ger||||||| | ||
| LOK | |0 040 |a DE-21 |c DE-627 |d DE-21 | ||
| LOK | |0 852 |a DE-21 | ||
| LOK | |0 852 1 |9 00 | ||
| LOK | |0 939 |a 22-02-00 |b l01 | ||
| LOK | |0 000 xxxxxcx a22 zn 4500 | ||
| LOK | |0 001 2287748830 | ||
| LOK | |0 003 DE-627 | ||
| LOK | |0 004 320632210 | ||
| LOK | |0 005 20020411000000 | ||
| LOK | |0 008 991206||||||||||||||||ger||||||| | ||
| LOK | |0 040 |a DE-21-24 |c DE-627 |d DE-21-24 | ||
| LOK | |0 852 |a DE-21-24 | ||
| LOK | |0 852 1 |m p |9 00 | ||
| LOK | |0 938 |k p | ||
| LOK | |0 939 |a 06-12-99 |b l01 | ||
| LOK | |0 000 xxxxxcx a22 zn 4500 | ||
| LOK | |0 001 2287748547 | ||
| LOK | |0 003 DE-627 | ||
| LOK | |0 004 320632210 | ||
| LOK | |0 005 19991028000000 | ||
| LOK | |0 008 991028||||||||||||||||ger||||||| | ||
| LOK | |0 040 |a DE-Frei85 |c DE-627 |d DE-Frei85 | ||
| LOK | |0 852 |a DE-Frei85 | ||
| LOK | |0 852 1 |m p |9 00 | ||
| LOK | |0 938 |k p | ||
| LOK | |0 939 |a 28-10-99 |b l01 | ||
| ORI | |a SA-MARC-krimdokb001.raw | ||
| SPR | |a 1 |t KRI | ||
